Music Quiz

Random Music or Clickable Quiz
Score 0/40 Timer 04:00
4 Plays Today
% Correct
Love
93.9%
Be
93.9%
Submarine
93.1%
Diamonds
93.1%
Friends
92.6%
Night
92.5%
Forever
92.4%
Rigby
91.9%
Lane
91.2%
Sun
91.2%
Band
89.5%
Tour
87.9%
U.S.S.R.
87.3%
Walrus
87.3%
Life
86.1%
Do
84.3%
By
83.7%
You
82.7%
Together
82%
Me
81.7%
% Correct
Better
81.5%
Garden
80.1%
Man
78.8%
Flown
78.7%
Mae
72.2%
Sunshine
70.5%
Sing
69.8%
Girl
66.8%
Honey
63.9%
Gun
63.7%
Knows
59.4%
Feeling
56.7%
Why
53.7%
Naturally
51.6%
Money
49.2%
Heart
45.6%
Sleeping
44.6%
King
41.6%
Robert
39.8%
Blue
27%
Remove Ads.
Support Sporcle.
Get the best of Sporcle when you Go Orange. This ad-free experience offers more features, more stats, and more fun while also helping to support Sporcle. Thank you for becoming a member.

You're not logged in!

Compare scores with friends on all Sporcle quizzes.
OR
Log In

Show Comments

Extras

Top Quizzes Today


Score Distribution

Your Account Isn't Verified!

In order to create a playlist on Sporcle, you need to verify the email address you used during registration. Go to your Sporcle Settings to finish the process.

Report this User

Report this user for behavior that violates our Community Guidelines.

Details: